Leonardo da Vinci (Registo nº 182049)

Detalhes MARC
000 -Etiqueta do registo
Valores 00905nam 22002773 4500
010 ## - Número ISBN
ISBN 978-989-8942-26-5
021 ## - Número do Depósito Legal
Código do país Portugal
Número 443201/18
100 ## - Dados gerais de processamento
Dados gerais 20230523d u||y0pory50 ba
101 ## - Língua de publicação
Língua Português
200 ## - Titulo e menção de responsabilidade
Título próprio Leonardo da Vinci
Primeira menção de responsabilidade Javier Alonso
Outras menções de responsabilidade ilustrações de Ángel Coronado e Oriol Roca ; Revisão linguística de Maria João Teles Grilo
210 ## - Publicação
Local de publicação [S.l.]
Nome do editor Atlântico Press
Data de publicação cop. 2018
215 ## - Descrição física 
Paginação / Volumes [32] p.
Outras indicações físicas il.; encadernado
Dimensões 25 cm
225 ## - Colecção 
Título próprio da colecção Os meus pequenos heróis
606 ## - Nome comum usado como assunto
ID Autoridade 2477
Palavra de ordem Pintura
Subdivisão assunto Pintores
606 ## - Nome comum usado como assunto
ID Autoridade 235
Palavra de ordem Literatura infantil
610 ## - Termos não controlados
Palavra de ordem Leonard da Vinci
675 ## - CDU
Notação 75
Edição PT
Língua por
675 ## - CDU
Notação 087.5/ALO/LEO
Edição PT
Língua por
700 ## - Autor principal (pessoa individual)
ID Autoridade 15694
Apelido Alonso
Nome Javier
702 ## - Autor secundário (pessoa individual)
ID Autoridade 15695
Apelido Coronado
Nome Ángel
702 ## - Autor secundário (pessoa individual)
ID Autoridade 15696
Apelido Roca
Nome Oriol
801 ## - Fonte de origem
País PT
Agência BMMN
Regras de catalogação RPC
830 ## - Notas gerais do catalogador
Criado por Isabel e Carlos Pinto
Data de modificação 13-01-2026
Indexado por Carlos Pinto
990 ## - Elementos KOHA
Tipo de documento Livro
Exemplares
Situação do levantamento Biblioteca de origem Código de barras Cota Permissão de empréstimo Tipo de documento Forma de aquisição
  Biblioteca Municipal de Montemor-o-Novo 4823 75 LEO|AIJ   Livro Oferta
  Biblioteca Escolar nº 2 28908 087.5/ALO/LEO   Livro Compra

Powered by Koha